| 000 | 00551 a2200181 4500 | ||
|---|---|---|---|
| 005 | 20250108152117.0 | ||
| 010 | _aENG-143231 | ||
| 020 |
_a9781938409226 _c3947.00 |
||
| 035 | _aEN-126763 | ||
| 037 | _bDBAD | ||
| 082 | _a320.95895 | ||
| 100 |
_aRobert, Lee Victor _976112 |
||
| 245 |
_aPerformance Anomalies/ _cBy Lee Victor Robert |
||
| 260 |
_aUnited States of America _bPerimeter Six _c2012 |
||
| 270 |
_aLibrary Of Congress _bUnited States of America |
||
| 300 |
_a278p. _c24cm(hb) |
||
| 942 |
_adpl _cEN _2ddc _h320.95895 _mLEE |
||
| 999 |
_c208212 _d208212 |
||